| 000 | 01635nam a2200385 a 4500 | ||
|---|---|---|---|
| 001 | ebr10516931 | ||
| 003 | CaPaEBR | ||
| 006 | m u | ||
| 007 | cr cn||||||||| | ||
| 008 | 081211s2009 nyub sb 000 0 eng d | ||
| 010 | _z 2008053494 | ||
| 020 | _z1433104989 (hardcover alk. paper) | ||
| 020 | _z9781433104985 | ||
| 020 | _z9781453904152 (e-book) | ||
| 040 |
_aCaPaEBR _cCaPaEBR |
||
| 035 | _a(OCoLC)774287379 | ||
| 043 | _af-gh--- | ||
| 050 | 1 | 4 |
_aBX1682.G4 _bA33 2009eb |
| 082 | 0 | 4 |
_a259/.2308109667 _222 |
| 100 | 1 | _aAddai-Mensah, Peter. | |
| 245 | 1 | 0 |
_aMission, communion and relationship _h[electronic resource] : _ba Roman Catholic response to the crisis of male youths in Africa / _cPeter Addai-Mensah. |
| 260 |
_aNew York : _bPeter Lang, _cc2009. |
||
| 300 |
_ax, 242 p. : _bmap. |
||
| 490 | 1 |
_aAmerican university studies. Series VII, Theology and religion, _x0740-0446 ; _vv. 283 |
|
| 504 | _aIncludes bibliographical references. | ||
| 533 |
_aElectronic reproduction. _bPalo Alto, Calif. : _cebrary, _d2013. _nAvailable via World Wide Web. _nAccess may be limited to ebrary affiliated libraries. |
||
| 650 | 0 |
_aChurch work with youth _zGhana. |
|
| 650 | 0 |
_aYoung men _xReligious life _zGhana. |
|
| 650 | 0 |
_aProblem youth _xReligious life _zGhana. |
|
| 650 | 0 |
_aChurch work with youth _xCatholic Church. |
|
| 655 | 7 |
_aElectronic books. _2local |
|
| 710 | 2 | _aebrary, Inc. | |
| 830 | 0 |
_aAmerican university studies. _nSeries VII, _pTheology and religion ; _vv. 283. |
|
| 856 | 4 | 0 |
_uhttp://site.ebrary.com/lib/rucke/Doc?id=10516931 _zAn electronic book accessible through the World Wide Web; click to view |
| 999 |
_c120755 _d120755 |
||